The Hunger Games Trilogy: Who said that? Quiz Stats

 Plays Quiz not verified by Sporcle

Score 0/20 Timer 05:00
0 Plays Today
Hint Answer % Correct
MaleFinnick Odair
100%
MaleHaymitch Abernathy
100%
MalePeeta Mellark
95.4%
MalePeeta Mellark
93.1%
MalePresident Snow
92%
MalePresident Snow
92%
MaleFinnick Odair
92%
FemaleWiress
90.8%
FemaleEffie Trinket
89.7%
FemaleJohanna Mason
87.4%
Hint Answer % Correct
FemaleKatniss Everdeen
85.1%
FemalePrimrose Everdeen
85.1%
MaleHaymitch Abernathy
85.1%
FemaleEffie Trinket
85.1%
MalePeeta Mellark
83.9%
MaleGale Hawthorne
83.9%
MaleCinna
82.8%
FemaleKatniss Everdeen
82.8%
FemaleKatniss Everdeen
81.6%
FemaleKatniss Everdeen
75.9%

You're not logged in!

Compare scores with friends on all Sporcle quizzes.
OR
Log In

Show Comments

Extras

Created Mar 7, 2014ReportNominate
Tags:trilogy

Top Quizzes Today


Score Distribution

Your Account Isn't Verified!

In order to create a playlist on Sporcle, you need to verify the email address you used during registration. Go to your Sporcle Settings to finish the process.

Report this User

Report this user for behavior that violates our Community Guidelines.

Details: